| 000 | 00804nam a2200193Ia 4500 | ||
|---|---|---|---|
| 005 | 20240530110953.0 | ||
| 008 | 140319s2007 xx 000 0 ara d | ||
| 040 |
_aGCL / _cGCL |
||
| 082 | 0 | 4 |
_a657 / _bع م |
| 100 | 1 | _aعبدالحميد رضا | |
| 245 | 1 | 0 |
_aالمحاسبة باللغة الانجليزية / _cتاليف عبدالحميد رضا ، حازم شحادة ، رياض الحلبى |
| 260 |
_aالاردن : _bدار اليازورى العلمية للنشر والتوزيع، _c2007 |
||
| 300 |
_a211 ص؛ _c24 سم |
||
| 650 | 0 | 4 | _aالمحاسبة - اللغة الانجليزية |
| 700 |
_aحازم شحادة _eمؤلف مشارك |
||
| 700 |
_aرياض الحلبى _eمؤلف مشارك |
||
| 942 |
_2ddc _cBK |
||
| 999 |
_c67030 _d67030 |
||